Normal view
MARC view
Entry Topical Term
001 - CONTROL NUMBER
- control field: 32690
003 - CONTROL NUMBER IDENTIFIER
- control field: OSt
005 - DATE AND TIME OF LATEST TRANSACTION
- control field: 20260702124740.0
008 - FIXED-LENGTH DATA ELEMENTS
- fixed length control field: 260702|| aca||aabn | a|a d
040 ## - CATALOGING SOURCE
- Original cataloging agency: OSt
- Transcribing agency: OSt
150 ## - HEADING--TOPICAL TERM
- Topical term or geographic name entry element: Essay study and teaching(elementary)
670 ## - SOURCE DATA FOUND
- Source citation: Work cat.: (OSt)25958: Calkins Lucy 27666, Literary essays:writing about reading, 2006
